| 000 | 01225cam a22002655a 4500 | ||
|---|---|---|---|
| 001 | 18330853 | ||
| 005 | 20161130141853.0 | ||
| 008 | 141009t2014 nyua frb 000 0 eng d | ||
| 020 | _a9781606506547 | ||
| 020 | _a1606506544 | ||
| 040 |
_aLHL _cLHL _dYDXCP _dBTCTA _dCVM _dUBC _dNLGGC _dDLC _dEG-ScBUE _beng |
||
| 082 | 0 | 4 |
_a658.7 _222 _bSAR |
| 100 | 1 | _aSarkis, Joseph. | |
| 245 | 1 | 0 |
_aGreen supply chain management / _cJoseph Sarkis. |
| 260 |
_aNew York : _bASME Press : _bMomentum Press, _cc.2014. |
||
| 300 |
_a67 p. : _bill. ; _c24 cm. |
||
| 490 | 1 | _aTechnologies for sustainable life (TSL) -- concise monograph series | |
| 504 | _aBibliography : p. 62-67. | ||
| 505 | 0 | _aIntroduction to GSCM and the technology perspective -- Overview of supply and value chain management -- Overview of corporate environmental management -- Green supply chain management elements and practices -- Management issues for GSCM and GSCM technology -- Overview of the GSCM research and theory -- Conclusion and future directions. | |
| 650 | 0 |
_aBusiness logistics _xEnvironmental aspects. _2BUEsh |
|
| 650 | 7 |
_aIndustrial management _xEnvironmental aspects. _2BUEsh _922534 |
|
| 651 | _2BUEsh | ||
| 653 |
_bBUSADM _cNovember2016 |
||
| 942 | _2ddc | ||
| 999 |
_c23395 _d23367 |
||